One Piece - Personnages combattant lors de l'arc Archipel Sabaody - Statistiques

Statistiques générales
  • Ce quiz a été pris 1 051 fois
  • Le résultat moyen est 24 sur 31
Statistiques - réponses
Réponse % Correct
Monkey D. Luffy
100%
Nami
100%
Roronoa Zoro
100%
Tony Tony Chopper
100%
Usopp
100%
Vinsmoke Sanji
100%
Brook
99%
Franky
99%
Nico Robin
99%
Eustass Kid
98%
Trafalgar D. Water Law
97%
Borsalino Kizaru
96%
Rayleigh
95%
Killer
93%
Basil Hawkins
90%
Jewerly Bonney
90%
Urouge
90%
Capone Bege
87%
Scratchmen Apoo
85%
Bepo
84%
X. Drake
84%
Bartholomew Kuma
75%
Sentomaru
75%
Pacifistas
62%
Saint Charlos
58%
Jean Bart
37%
Heat
30%
Disco
22%
Duval
19%
Peterman
11%
Sainte Shalulia
2%
Aucun quiz correspondant
Distribution des résultats
% des personnes avec chaque résultat
Percentile par nombre de réponses
Votre historique - résultats
Vous n’avez pas pris ce quiz